Nur ein mäßiges Quiz - Statistiken

Allgemein
  • Dieses Quiz wurde 796 mal gespielt
  • Das Durchschnittsergebnis liegt bei 7 aus 12
Antwortstatistiken
Definition Wort % Korrekt
nicht eigentlich schlecht, aber auch nicht besonders gut; nur durchschnittlich m{ittel}mäßig
97%
einer bestimmten festen Ordnung folgend, die besonders durch zeitlich stets gleiche Wiederkehr gekennzeichnet ist r{egel}mäßig
93%
ohne [starke] Veränderungen vor sich gehend; ausgeglichen g{leich}mäßig
88%
legal, die Gesetze befolgend r{echt}mäßig
79%
relativ; angemessen v{erhältnis}mäßig
70%
ausgezeichnet, hervorragend (umgangssprachlich) s{pitzen}mäßig
50%
außer der Reihe, unerwartet, über den Plan hinaus a{ußerplan}mäßig
49%
sinnvoll; im gegebenen Zusammenhang nützlich z{weck}mäßig
42%
sehr, gewaltig, überaus (umgangssprachlich emotional verstärkend) m{ords}mäßig
41%
provisorisch, einstweilig b{ehelfs}mäßig
34%
korrekt, die Regeln befolgend v{orschrifts}mäßig
17%
sich nicht so verhaltend, wie es [von der Obrigkeit] gefordert wird u{nbot}mäßig
5%
Keine übereinstimmenden Quizze gefunden
Verteilung der Resultate
Anzahl Personen mit jedem Resultat
Perzentil nach korrekt beantworteten Fragen
Ihre Resultats-Entwicklung
Sie haben dieses Quiz noch nicht gespielt